|
|
|
|
| LEADER |
00000nam0a2200000 4500 |
| 001 |
315762 |
| 005 |
20231102002817.0 |
| 035 |
|
|
|a (RuTPU)RU\TPU\book\341199
|
| 090 |
|
|
|a 315762
|
| 100 |
|
|
|a 20160309d1937 km y0rusy50 ca
|
| 101 |
1 |
|
|a rus
|c eng
|
| 102 |
|
|
|a RU
|
| 105 |
|
|
|a a z 000zy
|
| 200 |
1 |
|
|a Волны в воде, воздухе и эфире
|e пер. с англ.
|f Дж. Флеминг
|
| 205 |
|
|
|a 2-е изд.
|
| 210 |
|
|
|a Москва
|a Ленинград
|c Изд-во АН СССР
|d 1937
|
| 215 |
|
|
|a 323 с.
|c ил.
|
| 225 |
1 |
|
|a Научно-популярная серия
|
| 317 |
|
|
|5 63413507: КР-5989
|a Поступил в НТБ в 1987 г. в дар от вдовы ученого Е. К. Завадовской
|
| 606 |
1 |
|
|a Волновое движение жидкости
|2 stltpush
|3 (RuTPU)RU\TPU\subj\38267
|9 58919
|
| 606 |
1 |
|
|a Электромагнитные волны
|2 stltpush
|3 (RuTPU)RU\TPU\subj\20168
|9 45289
|
| 606 |
1 |
|
|a Звуковые волны
|2 stltpush
|3 (RuTPU)RU\TPU\subj\11508
|9 38434
|
| 610 |
1 |
|
|a физика
|
| 610 |
1 |
|
|a волны
|
| 610 |
1 |
|
|a рябь
|
| 610 |
1 |
|
|a морские берега
|
| 610 |
1 |
|
|a морские волны
|
| 610 |
1 |
|
|a корабельные волны
|
| 610 |
1 |
|
|a вязкость
|
| 610 |
1 |
|
|a вихревое движение
|
| 610 |
1 |
|
|a безвихревые движения
|
| 610 |
1 |
|
|a водовороты
|
| 610 |
1 |
|
|a вихри
|
| 610 |
1 |
|
|a трубы
|
| 610 |
1 |
|
|a волновое сопротивление
|
| 610 |
1 |
|
|a музыка
|
| 610 |
1 |
|
|a звуки
|
| 610 |
1 |
|
|a электрические колебания
|
| 610 |
1 |
|
|a электрические волны
|
| 610 |
1 |
|
|a эфиры
|
| 610 |
1 |
|
|a библиотека А. А. Воробьева
|
| 610 |
1 |
|
|a дары библиотеке
|
| 675 |
|
|
|a 532.59
|v 4
|
| 675 |
|
|
|a 537.86
|v 4
|
| 675 |
|
|
|a 533.2
|v 4
|
| 700 |
|
1 |
|a Флеминг
|b Дж.
|
| 801 |
|
1 |
|a RU
|b 63413507
|c 20160309
|
| 801 |
|
2 |
|a RU
|b 63413507
|c 20200213
|g RCR
|
| 942 |
|
|
|c BK
|